=LDR 00000nam 2200000 4500 =001 INLIS000000000018181 =005 20130612113351 =008 ***********************************Ind** =035 ##$$0010-061300000018181 =041 ##$$a Ind =082 ##$$a 621.381 =090 ##$$a 621.381, Sta p =100 ##$$a Stanley =245 ##$$a Pengenalan elektronika, untuk pemula, oleh Stanley =260 ##$$a 1999 $b Bandung =300 ##$$a 176 hlm, ilus, 22 cm =650 ##$$a Elektronika =850 ##$$a NBPNMAT